Niger-Congo Language Family - Statistics

General Stats
  • This quiz has been taken 52 times
  • The average score is 4 of 8
Answer Stats
Languages Classification % Correct
Bemba, Kongo, Shona, Swahili, Zulu Bantu
93%
Bambara, Dyula, Kassonke, Maninka, Soninke Mande
64%
Ijaw Ijoid
54%
Fulani, Igbo, Twi, Wolof, Yoruba Atlantic-Congo
43%
Bunoge, Tebul, Tommo So, Toro So, Yanda Dogon
39%
Duala, Ghomala, Ngiemboon, Tikar, Tiv Bantoid
32%
Kuwaa, Mobu, Siamou, Tiagba Kru
29%
Heiban, Koalib, Lafofa, Tagoi, Tegali Kordofanian
25%
No matching quizzes found
Score Distribution
Percent of People with Each Score
Percentile by Number Answered
Your Score History
You have not taken this quiz